| 000 | nam a22 7a 4500 | ||
|---|---|---|---|
| 999 |
_c19216 _d19216 |
||
| 008 | 170114b xxu||||| |||| 00| 0 eng d | ||
| 050 |
_aNA6813 _b.U6P5 1965 |
||
| 100 | _aWhite,Theo. B | ||
| 245 |
_aThe Philadelphia Art Alliance: _bfifty years: 1915-1965/ _cTheo B.White |
||
| 260 |
_aPhiladelphia : _bUniversity of Pennsylvania Press , _c©1965] |
||
| 300 |
_a143p. : _bill. ; |
||
| 500 | _aincludes index. | ||
| 650 | _a Philadelphia Art Alliance. | ||
| 942 |
_2lcc _cBOOKS _hNA6813 .U6P5 1965 |
||